Diario de debates del Congreso Constituyente de 1916-1917 : tomo II /
Diario de las actividades del Congreso Constituyente de 1916-1917, del que emanaría la Constitución de 1917, desde la primera junta preparatoria celebrada el 21 de noviembre de 1916 hasta su clausura el 31 de enero de 1917.
Guardado en:
| Autor corporativo: | |
|---|---|
| Otros autores: | |
| Formato: | Libro |
| Idioma: | Español |
| Temas: | |
| Etiquetas: |
Sin etiquetas, Sé el primero en etiquetar este registro!
|
MARC
| LEADER | 00000nam^a2200000^a^4500 | ||
|---|---|---|---|
| 001 | 000380972 | ||
| 005 | 20250526000000.0 | ||
| 009 | 20260310120629.809 | ||
| 037 | |a Acervo Xavier Clavigero | ||
| 041 | |a ESP | ||
| 082 | |a 342. 720242 |b MEX 1917 V. 2 | ||
| 110 | |a México. |b Congreso Constituyente (1916-1917) | ||
| 240 | |a [Constitución Política de los Estados Unidos Mexicanos] | ||
| 245 | 1 | 0 | |a Diario de debates del Congreso Constituyente de 1916-1917 : |b tomo II / |c Dir. de F. Romero García. |
| 264 | |a México : |b Congreso de la Unión, Cámara de Diputados, |c 1922 | ||
| 300 | |a 850, LII, 14 p. ; |c 29.0 cm. | ||
| 336 | |a texto |b txt |2 rdacontenido | ||
| 337 | |a sin mediación |b n |2 rdamedio | ||
| 338 | |a volumen |b nc |2 rdasoporte | ||
| 520 | |a Diario de las actividades del Congreso Constituyente de 1916-1917, del que emanaría la Constitución de 1917, desde la primera junta preparatoria celebrada el 21 de noviembre de 1916 hasta su clausura el 31 de enero de 1917. | ||
| 561 | |a Ex libris de Bibl. Magnopontanae Domus Scti. Ioseph. Prov. Mex. Sept. S.I | ||
| 562 | |a Falta cubierta | ||
| 649 | |a XX | ||
| 650 | |a Constitución, 1917 - |z México | ||
| 650 | |a Constitucionalismo - |z México | ||
| 650 | |a Derecho Constitucional - |z México - |x Historia | ||
| 650 | |a Derecho Público - |z México - |x Historia | ||
| 650 | |a Política - |z México - |x Historia - |y Siglo XX | ||
| 650 | |a Política - |z México - |x Historia - |y Revolución, 1910-1917 | ||
| 650 | |a Política - |z México - |x Historia - |y Revolución Carrancista y Constitucionalista, 1913-1917 | ||
| 650 | |a Política - |z México - |x Historia - |y Régimen Preconstitucional, 1914-1917 | ||
| 650 | |a México - |x Historia - |y Siglo XX | ||
| 650 | |a México - |x Historia - |y Revolución, 1910-1917 | ||
| 650 | |a México - |x Historia - |y Revolución Carrancista y Constitucionalista, 1913-1917 | ||
| 650 | |a México - |x Historia - |y Régimen Preconstitucional, 1914-1917 | ||
| 650 | |a México - |x Historia Constitucional | ||
| 650 | |a México - |x Historia - |x Documentos | ||
| 740 | 0 | |a Constitución Política de los Estados Unidos Mexicanos / | |
| 740 | 0 | |a Directorio del congreso constituyente de los Estados Unidos Mexicanos : |b 1916-1917, Querétaro de Arteaga / | |
| 700 | |a Romero García, Fernando |e (dirección) | ||
| 910 | |a Fondo General | ||
| 920 | |a Impresos - Libros | ||
| 930 | |a Libros Antiguos y Raros | ||
| 905 | |a 108 | ||
| 901 | |a 0500276110 |b IT2 |c LRA |u 20250526 | ||
| 902 | |a https://opac.biblio.iteso.mx/vufind/Record/000380972 | ||